Yếu tố biển trong đời sống văn hóa của cộng đồng người Hoa ở Hội An

Tổng quan về Hội An và cộng đồng người Hoa ở Hội An. Yếu tố biển trong đời sống văn hóa của cộng đồng người Hoa ở Hội An

Сохранить в:
Библиографические подробности
Главный автор: Phan, Thị Ngân (Tác giả)
Формат:
Язык:Vietnamese
Опубликовано: Đại học Đà Nẵng Trường Đại Học Sư Phạm 2011
Серии:Báo cáo nghiên cứu khoa học. Chuyên ngành : Cử nhân Việt Nam học
Предметы:
Метки: Добавить метку
Нет меток, Требуется 1-ая метка записи!
Thư viện lưu trữ: Mạng thư viện Đại học Đà Nẵng
LEADER 01238nam a2200301 4500
001 000012835
003 9159
005 20120229090205.0
008 120229s2011 viesd
041 |a vie 
072 |a Công trình nghiên cứu khoa học 
082 |a 306  |b PH-N 
100 |a Phan, Thị Ngân  |e Tác giả 
245 |a Yếu tố biển trong đời sống văn hóa của cộng đồng người Hoa ở Hội An  |c Phan Thị Ngân, Trần Thị Ngọc Oanh, Đỗ Hoàng Tố Uyên 
260 |a Đại học Đà Nẵng  |b Trường Đại Học Sư Phạm  |c 2011 
300 |a 60 tr.  |b hình mhọa  |c 29 cm 
490 |a Báo cáo nghiên cứu khoa học. Chuyên ngành : Cử nhân Việt Nam học 
500 |a Tham khảo tr.58 + phụ luc [2 tr.] 
520 |a Tổng quan về Hội An và cộng đồng người Hoa ở Hội An. Yếu tố biển trong đời sống văn hóa của cộng đồng người Hoa ở Hội An 
653 |a biển  |a Hội An  |a người Hoa 
OWN |a LSP 
999 |a From the UDN01 
TYP |a Monograph 
TYP |a Printed language 
980 |a Mạng thư viện Đại học Đà Nẵng